حيا ت ا نسا نی ا فکا ر نو کی نظر سے (Record no. 93400)

MARC details
000 -LEADER
fixed length control field 00738nam a22002177a 4500
005 - DATE AND TIME OF LATEST TRANSACTION
control field 20150507160754.0
008 - FIXED-LENGTH DATA ELEMENTS--GENERAL INFORMATION
fixed length control field 140714b xxu||||| |||| 00| 0 Urdu d
010 ## - LCCN (DPL NO)
LC control number UR-8860
020 ## - INTERNATIONAL STANDARD BOOK NUMBER
Terms of availability 145.00
035 ## - SYSTEM CONTROL NUMBER
System control number U-7414
037 ## - SOURCE OF ACQUISITION
Source of stock number/acquisition BPPD/Pub/Ven
040 ## - CATALOGING SOURCE
Original cataloging agency DPL
Language of cataloging Urdu
082 ## - DEWEY DECIMAL CLASSIFICATION NUMBER
Classification number 844
100 ## - MAIN ENTRY--PERSONAL NAME
Personal name يس گلز ا ر ا حمد
245 ## - TITLE STATEMENT
Title حيا ت ا نسا نی ا فکا ر نو کی نظر سے
Statement of responsibility, etc يس گلز ا ر ا حمد
246 ## - VARYING FORM OF TITLE
Title proper/short title Hyate InsaniAfkae Nav ki Nazar Se
Remainder of title By S.Gulzar Ahmed
260 ## - PUBLICATION, DISTRIBUTION, ETC. (IMPRINT)
Name of publisher, distributor, etc Remarkable Publications
Date of publication, distribution, etc 2013
Place of publication, distribution, etc Bengalore
270 ## - ADDRESS
Address 54/2, 28Th Main 9th Block,Jaynagar
City Bengalore
Telephone number 9845417991
Postal code 560004
300 ## - PHYSICAL DESCRIPTION
Extent 175ص
Dimensions 22Cm (Hb)
942 ## - ADDED ENTRY ELEMENTS (KOHA)
Source of classification or shelving scheme Dewey Decimal Classification
Item type Urdu Bks
Edition
Classification part 844
Call number suffix ے س گ
Holdings
Withdrawn status Lost status Source of classification or shelving scheme Damaged status Not for loan Collection code Home library Current library Date acquired Source of acquisition Cost, normal purchase price Total Checkouts Full call number Barcode Date last seen Copy number Cost, replacement price Koha item type
    Dewey Decimal Classification   Not For Loan Non-fiction D.B.Act.Division D.B.Act.Division 07/05/2015 DBAD/Pub. 145.00   844 ے س گ U-7415 07/05/2015 1 145.00 Urdu Bks

© Delhi Public Library
Hit Counter
free hit counter